| Tag |
First Indicator |
Second Indicator |
Subfields |
| LEADER |
00000cam a22000004a 4500 |
| 001 |
in00001662621 |
| 005 |
20151023125405.0 |
| 008 |
010111s2002 maua b 001 0 eng |
| 010 |
|
|
|a 2001018136
|
| 020 |
|
|
|a 0631218696 (alk. paper)
|
| 020 |
|
|
|a 063121870X (pb. : alk. paper)
|
| 035 |
|
|
|a (OCoLC)ocm45784178
|
| 040 |
|
|
|a DLC
|c DLC
|d C#P
|d UtOrBLW
|
| 042 |
|
|
|a pcc
|
| 049 |
|
|
|a TXAM
|
| 050 |
0 |
0 |
|a QA8.6
|b .P45 2002
|
| 082 |
0 |
0 |
|a 510/.1
|2 21
|
| 245 |
0 |
0 |
|a Philosophy of mathematics :
|b an anthology /
|c edited by Dale Jacquette.
|
| 264 |
|
1 |
|a Malden, Mass. :
|b Blackwell Publishers,
|c 2002.
|
| 300 |
|
|
|a xii, 428 pages :
|b illustrations ;
|c 25 cm.
|
| 336 |
|
|
|a text
|b txt
|2 rdacontent
|
| 337 |
|
|
|a unmediated
|b n
|2 rdamedia
|
| 338 |
|
|
|a volume
|b nc
|2 rdacarrier
|
| 490 |
1 |
|
|a Blackwell philosophy anthologies ;
|v 15
|
| 504 |
|
|
|a Includes bibliographical references and index.
|
| 650 |
|
0 |
|a Mathematics
|x Philosophy.
|
| 700 |
1 |
|
|a Jacquette, Dale.
|
| 830 |
|
0 |
|a Blackwell philosophy anthologies ;
|v 15.
|
| 945 |
|
|
|i PromptCat
|
| 948 |
|
|
|a cataloged
|b h
|c 2002/2/22
|d c
|e cmulkey
|f 1:32:44 pm
|
| 994 |
|
|
|a 92
|b TXA
|
| 999 |
|
|
|a MARS
|
| 999 |
f |
f |
|s ffafe842-6f99-398d-a220-328d2e3aa66c
|i 6f1ed055-3197-340b-96a7-c629ddf7c6ca
|t 0
|
| 952 |
f |
f |
|p normal
|a Texas A&M University
|b College Station
|c Sterling C. Evans Library
|d Evans: Library Stacks
|t 0
|e QA8.6 .P45 2002
|h Library of Congress classification
|i unmediated -- volume
|m A14828461162
|
| 998 |
f |
f |
|a QA8.6 .P45 2002
|t 0
|l Evans: Library Stacks
|